000 00542nam a2200181Ia 4500
999 _c10812
_d10812
003 OSt
005 20191219155743.0
008 190216s9999||||xx |||||||||||||| ||und||
020 _a9788120323117
040 _coclc
082 _a337
_bSAW/I
100 _aSawyer, W Charles
_9561
245 0 _aInternational Economics /
_cW Charles Sawyer ; Richard L Sprinkle
260 _bPrentice Hall Of India Pvt Ltd
_aNew Delhi:
_c2005.
300 _a444p
650 _aEconomics
942 _cBK
_2ddc
_h337
_iSAW/I
_k337
_mSAW/I